[Event "THA-ch Rapid"]
[Site "Bangkok"]
[Date "2023.12.07"]
[Round "10"]
[White "Manakit, Piyalap"]
[Black "Bootsumran, Sirin"]
[Result "0-1"]
[WhiteElo "1419"]
[BlackElo "1278"]
[PlyCount "139"]
[EventDate "2023.12.05"]
[EventType "swiss (rapid)"]
[EventRounds "13"]
[EventCountry "THA"]
[SourceTitle "CBM 217 Extra"]
[Source "ChessBase"]
[SourceDate "2024.01.31"]
[SourceVersion "1"]
[SourceVersionDate "2024.01.31"]
[SourceQuality "1"]

1. d4 Nf6 2. c4 e6 3. Nc3 d5 4. cxd5 exd5 5. Bg5 Be7 6. e3 0-0 7. Bd3 b6 8. Bxf6 Bxf6 9. Qh5 g6 10. Qxd5 Qxd5 11. Nxd5 Bd8 12. Nc3 Bb7 13. e4 Nd7 14. Nf3 c5 15. 0-0 cxd4 16. Nxd4 Bf6 17. Nde2 Nc5 18. Bc2 Ba6 19. Rfe1 Rad8 20. Rad1 Nd3 21. Bxd3 Rxd3 22. Rxd3 Bxd3 23. f3 b5 24. a3 a6 25. Kf2 Rd8 26. Rd1 Bc4 27. Rxd8+ Bxd8 28. Ke3 Bb6+ 29. Kd2 Kg7 30. Nd5 Bd8 31. Nec3 f5 32. e5 Kf7 33. f4 Ke6 34. Ne3 Bb3 35. g3 Bb6 36. Kd3 Bc5 37. Ne2 Kd7 38. Nd4 Bf7 39. b4 Bb6 40. h3 h5 41. g4 hxg4 42. hxg4 fxg4 43. Nxg4 Bxd4 44. Kxd4 Ke6 45. Ne3 Be8 46. Kc5 Bd7 47. Kb6 g5 48. fxg5 Kxe5 49. g6 Kf6 50. Kxa6 Kxg6 51. Nd5 Kf5 52. Nc7 Ke5 53. Nxb5 Kd5 54. a4 Kc4 55. Ka5 Bc6 56. Nc7 Bb7 57. b5 Kc5 58. Ne6+ Kd6 59. Nd8 Bd5 60. Ka6 Kd7 61. Nb7 Kc7 62. b6+ Kb8 63. Nc5 Bc6 64. Ka5 Ka8 65. Kb4 Kb8 66. a5 Ka8 67. a6 Kb8 68. Ka5 Ka8 69. b7+ Ka7 70. Kb4 0-1

[Event "THA-ch Rapid"]
[Site "Bangkok"]
[Date "2023.12.06"]
[Round "6"]
[White "Manakit, Piyalap"]
[Black "Khumnorkaew, Tupfah"]
[Result "0-1"]
[WhiteElo "1419"]
[BlackElo "1897"]
[PlyCount "61"]
[EventDate "2023.12.05"]
[EventType "swiss (rapid)"]
[EventRounds "13"]
[EventCountry "THA"]
[SourceTitle "CBM 217 Extra"]
[Source "ChessBase"]
[SourceDate "2024.01.31"]
[SourceVersion "1"]
[SourceVersionDate "2024.01.31"]
[SourceQuality "1"]

1. e4 c5 2. Nf3 d6 3. Bc4 e6 4. Nc3 a6 5. a4 Nc6 6. 0-0 Nf6 7. d3 Be7 8. Bg5 Bd7 9. Re1 Qc7 10. Qd2 Rc8 11. Rad1 0-0 12. h3 Rfd8 13. Qc1 Qa5 14. Qd2 Qb6 15. Rb1 Nd4 16. Qd1 Qa5 17. Ra1 Be8 18. Kf1 Qb6 19. Rb1 Qc7 20. Kg1 h6 21. Bh4 Rb8 22. Re3 b5 23. axb5 axb5 24. Ba2 Ra8 25. Ra1 Ra7 26. Ne2 Rda8 27. Nc1 b4 28. c3 bxc3 29. bxc3 Ba4 30. Qd2 Nc2 31. Ne2 0-1

[Event "THA-ch Rapid"]
[Site "Bangkok"]
[Date "2023.12.05"]
[Round "2"]
[White "Manakit, Piyalap"]
[Black "Burbach, Brunel Baron"]
[Result "0-1"]
[WhiteElo "1419"]
[BlackElo "1825"]
[PlyCount "102"]
[EventDate "2023.12.05"]
[EventType "swiss (rapid)"]
[EventRounds "13"]
[EventCountry "THA"]
[SourceTitle "CBM 217 Extra"]
[Source "ChessBase"]
[SourceDate "2024.01.31"]
[SourceVersion "1"]
[SourceVersionDate "2024.01.31"]
[SourceQuality "1"]

1. e4 c5 2. Nf3 e6 3. Nc3 Nc6 4. Bc4 a6 5. a4 d6 6. 0-0 Nf6 7. d4 cxd4 8. Nxd4 Be7 9. Bg5 h6 10. Bh4 0-0 11. Re1 Qb6 12. Nb3 Rd8 13. a5 Qc7 14. Bg3 b5 15. axb6 Qxb6 16. Na4 Qc7 17. Bd3 e5 18. h3 Be6 19. Nd2 Nb4 20. Nc3 Rdb8 21. Rb1 Nxd3 22. cxd3 Nd7 23. Qc2 Rb7 24. Rec1 Rab8 25. Na4 Qa5 26. Nc4 Bxc4 27. Qxc4 Rb4 28. Qc3 Qxa4 29. Qc7 R4b7 30. Qc2 Qxc2 31. Rxc2 Nc5 32. Rd2 Rb3 33. f3 Rxd3 34. Rxd3 Nxd3 35. b3 Nc5 36. b4 Nd3 37. Rb3 Nxb4 38. Be1 Nc6 39. Ra3 Rb1 40. Kf2 Bh4+ 41. g3 Bxg3+ 42. Kxg3 Rxe1 43. Rxa6 Rc1 44. Ra8+ Kh7 45. Rc8 Rc2 46. Rc7 Kg6 47. h4 h5 48. Rc8 Nd4 49. Rd8 Ne2+ 50. Kf2 Nf4+ 51. Ke3 Re2# 0-1